| 000 | 00620nam a2200157Ia 4500 | ||
|---|---|---|---|
| 005 | 20250107021245.0 | ||
| 008 | 240331s9999 xx 000 0 und d | ||
| 020 | _a8185952485 | ||
| 082 |
_bLIF _a950 |
||
| 245 | 0 | _aLife and Works of Saadat Hasan Manto | |
| 260 |
_aShimla _bIndian Institute of Advanced Study _c1997 |
||
| 300 | _axii, 219 p ., | ||
| 500 | _aThis volume brings together a collection of essays by literary critics, historians and sociologists presented at a seminar on the life and works of Saadat Hasan Manto held at the Institute of Advanced study in 1996. | ||
| 700 |
_aBhalla, A. _eedt |
||
| 942 | _cL | ||
| 999 |
_c5709 _d5709 |
||